Responses for show #4585 - Friday, July 9, 2004

Ken Jennings game 28.

Contestants

[<< previous game]

Darcy Vernier, a college professor from Culver City, California

Kate Carlyle, a records officer from New Lenox, Illinois

Ken Jennings, a software engineer from Salt Lake City, Utah (whose 27-day cash winnings total $868,960)

[next game >>]

Jeopardy! Round responses

WORLD MUSEUMS
MOVIE MUSIC
MY LIFE AS A DOG
WE THREE KINGS
BOX IT UP
THE QUEEN'S ENGLISH
    $200 17
Bangkok

Ken
    $200 1
Cold Mountain

Ken
    $200 13
a gramophone (or a phonograph)

Ken
    $200 11
King of Prussia

Ken
    $200 26
boxcars

Ken
    $200 6
calling collect

Ken
    $400 18
a railway station

Darcy
    $400 2
Ravel's "Bolero"

Ken
    $400 22
Sony

Darcy
    $400 12
(Darcy: Uh, what is George III?--second!)
(Alex: Second, yes.)

George II

Darcy
    $400 27
"The Boxer"

Ken
    $400 7
a second floor

Ken
    $600 19
(Darcy: What is the Cairo museum?)
(Alex: Be a little more specific.)
(Darcy: What is the Cairo, Egypt museum?)
(Alex: No. Kate?)
(Kate: What is the Cairo Museum of Antiquities?)
(Alex: No. It is called [*], in Cairo.)

the Egyptian Museum

KateDarcy
Triple Stumper
    $600 3
"Ride of the Valkyrie"

Ken
    $600 23
Taco Bell

Ken
    $600 14
Malcolm

Ken
    $600 28
the ballot box

Ken
    $600 8
a bill

Ken
    $800 20
(Alex: With a minute to go.)

Vienna

Ken
    $800 4
"Streets of Philadelphia"

Ken
    $800 24
Lyndon Johnson

Darcy
    $800 15
Harald

Ken
    $800 29
[The end-of-round signal sounds.]

a chatterbox

Darcy
    $800 9
(Kate: What is a hem?)
(Darcy: What is a pleat?)
...
(Alex: [After she tries to rebound on Darcy] No, Kate, you can't ring in again.)

a cuff

KateDarcy
Triple Stumper
    $1000 21
(Ken: What's the Rembrandt Museum?)

the Rijksmuseum

Ken
Triple Stumper
    $1000 5
(Kate: Wha... Who is "Zarasthustra"? [Laughs wheezily] "Zarasthustra".)
(Alex: No.)
(Kate: No.)

Zarathustra

KenKate
    $1000 25
Charley

Ken
    $1000 16
Peter the Great

Darcy
    $3,800 10
a résumé

Ken

Scores at the first commercial break (after clue 16):

Ken Kate Darcy
$9,800 -$1,800 $600

Scores at the end of the Jeopardy! Round:

Ken Kate Darcy
$12,600 -$2,400 $2,400

Double Jeopardy! Round responses

THE FIRST WORD
(Alex: And we want the first word only, please.)
GREAT SPORTS
STATES' HIGH POINTS
FOOD & DRINK
KENNEDY FAMILY MEMBERS
FILE UNDER "M"
    $400 7
You

Ken
    $400 16
Rocky Marciano

Darcy
    $400 19
Rhode Island

Ken
    $400 6
a marshmallow

Ken
    $400 26
(Kate: [Without ringing in] Who is, um..)
[Ken holds up his left arm to signal Kate to stop talking]
(Ken: Who is JF--)
(Alex: Ww--ch--Kate, hang on. Ken?)
(Ken: Oop. Who is [*]?)

JFK Jr.

Ken
    $400 1
(Kate: [Without ringing in] What is [*]?)
(Alex: Well, you didn't ring in. Darcy?)
(Darcy: What is [*]?)
(Alex: Yes, you're right! Thank Kate for helping you out.)
(Darcy: Thank you, Kate.)
(Alex: But you probably knew it.)

mimosa

Darcy
    $800 8
In

Ken
    $800 17
(Alex: Sorry, Darcy, not quickly enough. Go again, though.)

Hank Aaron

Triple Stumper
    $800 20
Oklahoma

Ken
    $800 12
feta

Ken
    $6,400 27
(Alex: Kate, you've been playing the game the way a lot of people at home play the game. They just say the response--)
(Kate: Yes. Yes.)
(Alex: --without having to ring in. Sorry about that. Ken's got the board right now. He deals with this clue all by himself.)

Ted Kennedy

Ken
    $800 2
[Alex simply says "You figure out the dots and dashes" instead of reading them in the clue.]

Morse code

Ken
    $1200 9
(Alex: "[*] eyes," yes.)

Mine

Ken
    $1200 18
(Ken: Who is Williams?)
(Alex: Be more specific.)

Serena Williams

Ken
    $1200 21
Oregon

Ken
    $1200 13
biscotti

Ken
    $1200 28
Maria Shriver

Darcy
    $1200 3
motorway

Darcy
    $1600 10
(Alex: [*], yes. "[*] O'Hara was not beautiful." That's the opening line.)

Scarlett

Ken
    $1600 24
Eric Heiden

Ken
    $1600 22
a sunflower

Ken
    $1600 14
a pearl

Ken
    $1600 29
(Darcy: Who is James Kennedy?)
(Kate: Who is Joseph Kennedy?)
(Alex: Be more specific.)

Joseph Kennedy, Jr.

KateDarcy
    $3,000 4
(Darcy: I don't know. Who is, uh, [*]?)
(Alex: Yeah. Named for [*]. Can you name any other French playwright whose name starts with "M"?)
(Darcy: Uh, no.)
(Alex: No? Good.)

Molière

Darcy
    $2000 11
[Applause for Ken's run of the category]
(Alex: [*]. "[*] was the best of times, [*] was the worst of times." So far, [*]'s been the best of times for you.)

It

Ken
    $2000 25
(Darcy: Who's Gale Sayers?)

Walter Payton

KateDarcy
    $2000 23
(Darcy: What is, uh, Arizona?)
(Alex: No... Audience? "What is [*]?" Yes, indeed. We have a group of students here with us today from the State of [*].)

Texas

Darcy
Triple Stumper
    $2000 15
a demitasse

Darcy
    $2000 30
Kathleen (Kennedy-Townsend)

Ken
    $2000 5
(Ken: What's Mesozoic?)

the Miocene

Ken
Triple Stumper

Scores at the end of the Double Jeopardy! Round:

Ken Kate Darcy
$37,000 $1,200 $5,000
(lock game)

[wagering suggestions for these scores]

Final Jeopardy! Round responses

INTERNATIONAL POLITICS
(Alex: And those G-8 nations met in this country within the past five years.)
...
(Alex: You now have $52,000. You could've bet a buck more, you know. He has tied the record, and now has $920,960. Will he make it to $1,000,000? You'll have to wait till next week to find out. Come back and see us then. So long.)
KateWhat is Switzerland ?
$0
DarcyWhat is England?
$2,000
KenWhat is Canada?
$15,000
Canada

Final scores:

Ken Kate Darcy
$52,000 $1,200 $3,000
28-day champion: $920,960 3rd place: $1,000 2nd place: $2,000

Game dynamics:

Coryat scores:

Ken Kate Darcy
$28,600 $1,200 $3,600
39 R
(including 2 DDs),
2 W
2 R,
3 W
12 R
(including 1 DD),
5 W

Combined Coryat: $33,400

The J! Archive is created by fans, for fans. The Jeopardy! game show and all elements thereof, including but not limited to copyright and trademark thereto, are the property of Jeopardy Productions, Inc. and are protected under law. This website is not affiliated with, sponsored by, or operated by Jeopardy Productions, Inc. Join the discussion at JBoard.tv.